[Event "DEM U16w 2018"]
[Site "Willingen GER"]
[Date "2018.05.25"]
[Round "8"]
[White "Ehmann, Johanna"]
[Black "Schulze, Lara"]
[Result "0-1"]
[Termination "normal"]
[Board "1"]
[BlackTitle "WFM"]
[WhiteElo "1899"]
[BlackElo "2184"]
[WhiteClock "00:01:25"]
[BlackClock "00:05:14"]
[PlyCount "72"]
[WhiteFideId "12953130"]
[BlackFideId "12956830"]
[EventCountry "GER"]
[EventRounds "9"]
[EventType "swiss"]
[EventDate "2018.05.19"]

1. e4 {[%clk 1:30:57]} 1... c5 {[%clk 1:30:59]} 2. Nf3 {[%clk 1:31:17]} 2... d6
{[%clk 1:31:26]} 3. d4 {[%clk 1:31:40]} 3... cxd4 {[%clk 1:31:51]} 4. Nxd4 {
[%clk 1:32:03]} 4... Nf6 {[%clk 1:32:17]} 5. f3 {[%clk 1:32:22]} 5... e5 {
[%clk 1:32:24]} 6. Nb3 {[%clk 1:32:37]} 6... d5 {[%clk 1:32:38]} 7. Bg5 { [%clk
1:32:33]} 7... Be6 {[%clk 1:33:02]} 8. c3 {[%clk 1:27:06]} 8... Nbd7 { [%clk
1:18:51]} 9. exd5 {[%clk 1:22:48]} 9... Bxd5 {[%clk 1:18:58]} 10. c4 { [%clk
1:18:50]} 10... Be6 {[%clk 1:17:13]} 11. N1d2 {[%clk 1:15:24]} 11... h6 { [%clk
1:12:30]} 12. Be3 {[%clk 1:13:55]} 12... a5 {[%clk 1:05:07]} 13. a3 { [%clk
1:00:21]} 13... a4 {[%clk 0:59:35]} 14. Nc1 {[%clk 0:56:02]} 14... Bc5 { [%clk
0:59:47]} 15. Bxc5 {[%clk 0:54:16]} 15... Nxc5 {[%clk 0:50:22]} 16. Na2 { [%clk
0:46:27]} 16... Qd4 {[%clk 0:43:59]} 17. Qc2 {[%clk 0:43:04]} 17... Qe3+ {[%clk
0:43:17]} 18. Be2 {[%clk 0:35:08]} 18... Rd8 {[%clk 0:40:14]} 19. Nf1 { [%clk
0:33:19]} 19... Qg5 {[%clk 0:34:06]} 20. Ng3 h5 21. Qc1 {[%clk 0:27:56]} 21...
Qg6 {[%clk 0:30:54]} 22. Qe3 {[%clk 0:23:33]} 22... Nb3 {[%clk 0:24:52]} 23.
Rd1 {[%clk 0:23:22]} 23... Rxd1+ {[%clk 0:22:47]} 24. Bxd1 h4 25. Nf1 { [%clk
0:17:57]} 25... O-O {[%clk 0:20:45]} 26. Nb4 {[%clk 0:11:51]} 26... Bxc4 {[%clk
0:15:46]} 27. Bc2 {[%clk 0:08:48]} 27... Qh5 {[%clk 0:14:55]} 28. g4 { [%clk
0:07:32]} 28... hxg3 {[%clk 0:14:50]} 29. Nxg3 {[%clk 0:07:39]} 29... Qh4
{[%clk 0:13:59]} 30. Nd3 {[%clk 0:04:51]} 30... Nd4 {[%clk 0:11:19]} 31. Bb1 {
[%clk 0:03:16]} 31... Nf5 {[%clk 0:04:33]} 32. Qf2 {[%clk 0:03:04]} 32... Nxg3
{[%clk 0:04:59]} 33. Qxg3 {[%clk 0:03:24]} 33... Qd4 {[%clk 0:04:49]} 34. f4 {
[%clk 0:01:31]} 34... Qe4+ {[%clk 0:04:45]} 35. Kf2 {[%clk 0:01:15]} 35... Qxh1
{[%clk 0:04:51]} 36. fxe5 {[%clk 0:01:25]} 36... Ne4+ {[%clk 0:05:14]} 0-1

[Event "DEM U16w 2018"]
[Site "Willingen GER"]
[Date "2018.05.25"]
[Round "8"]
[White "Kobald, Jacqueline"]
[Black "Ziegenfuß, Larissa"]
[Result "1-0"]
[Termination "normal"]
[Board "2"]
[WhiteElo "1692"]
[BlackElo "1671"]
[WhiteClock "00:11:08"]
[BlackClock "00:01:27"]
[PlyCount "67"]
[WhiteFideId "12988162"]
[BlackFideId "12974722"]
[EventCountry "GER"]
[EventRounds "9"]
[EventType "swiss"]
[EventDate "2018.05.19"]

1. e4 {[%clk 1:30:56]} 1... c5 {[%clk 1:30:54]} 2. Nf3 {[%clk 1:31:20]} 2... d6
{[%clk 1:31:18]} 3. d4 {[%clk 1:31:36]} 3... Nf6 {[%clk 1:31:30]} 4. Nc3 {
[%clk 1:28:41]} 4... cxd4 {[%clk 1:31:46]} 5. Nxd4 {[%clk 1:29:02]} 5... a6 {
[%clk 1:31:24]} 6. Be2 {[%clk 1:27:16]} 6... e5 {[%clk 1:30:52]} 7. Nb3 { [%clk
1:27:22]} 7... Be7 {[%clk 1:30:56]} 8. O-O {[%clk 1:27:37]} 8... O-O { [%clk
1:31:20]} 9. Kh1 {[%clk 1:26:59]} 9... Qc7 {[%clk 1:30:11]} 10. Bg5 { [%clk
1:20:50]} 10... Nbd7 {[%clk 1:24:47]} 11. a4 {[%clk 1:09:54]} 11... b6 { [%clk
1:12:23]} 12. Bd3 {[%clk 1:01:46]} 12... Bb7 {[%clk 1:09:02]} 13. Qf3 { [%clk
0:59:37]} 13... Rac8 {[%clk 1:03:28]} 14. Qh3 {[%clk 0:55:28]} 14... Rfe8
{[%clk 0:57:00]} 15. Nd2 {[%clk 0:47:29]} 15... Qd8 {[%clk 0:44:02]} 16. Nf3 {
[%clk 0:34:19]} 16... Rxc3 {[%clk 0:25:16]} 17. bxc3 {[%clk 0:31:51]} 17...
Nxe4 {[%clk 0:20:39]} 18. Bxe7 {[%clk 0:32:06]} 18... Qxe7 {[%clk 0:20:03]} 19.
Nd2 {[%clk 0:23:31]} 19... Ng5 {[%clk 0:18:44]} 20. Qe3 {[%clk 0:22:23]} 20...
Ne6 {[%clk 0:17:27]} 21. c4 {[%clk 0:19:52]} 21... a5 {[%clk 0:15:53]} 22. Rfb1
{[%clk 0:17:51]} 22... Nec5 {[%clk 0:14:56]} 23. Ne4 {[%clk 0:16:03]} 23...
Nxe4 {[%clk 0:09:35]} 24. Bxe4 {[%clk 0:16:32]} 24... Bxe4 {[%clk 0:09:44]} 25.
Qxe4 {[%clk 0:17:00]} 25... Rc8 {[%clk 0:09:52]} 26. Qb7 {[%clk 0:15:33]} 26...
Qd8 {[%clk 0:08:44]} 27. Rd1 {[%clk 0:14:43]} 27... Nc5 {[%clk 0:07:38]} 28.
Qd5 {[%clk 0:14:34]} 28... Rb8 {[%clk 0:06:23]} 29. Ra3 {[%clk 0:12:30]} 29...
Nb7 {[%clk 0:06:13]} 30. Qc6 {[%clk 0:11:24]} 30... Kf8 {[%clk 0:04:59]} 31.
Rb3 {[%clk 0:11:02]} 31... Nc5 {[%clk 0:04:22]} 32. Rxd6 {[%clk 0:11:12]} 32...
Qg5 {[%clk 0:01:58]} 33. Rb1 {[%clk 0:11:20]} 33... Ne6 {[%clk 0:01:27]} 34.
Rxe6 {[%clk 0:11:08]} 1-0

[Event "DEM U16w 2018"]
[Site "Willingen GER"]
[Date "2018.05.25"]
[Round "8"]
[White "Mönster, Madita"]
[Black "Flach, Helene"]
[Result "1-0"]
[Termination "normal"]
[Board "3"]
[WhiteElo "1857"]
[BlackElo "1891"]
[WhiteClock "00:06:26"]
[BlackClock "00:01:43"]
[PlyCount "59"]
[WhiteFideId "12947156"]
[BlackFideId "12929735"]
[EventCountry "GER"]
[EventRounds "9"]
[EventType "swiss"]
[EventDate "2018.05.19"]

1. e4 {[%clk 1:30:57]} 1... c5 {[%clk 1:30:54]} 2. Nf3 {[%clk 1:31:17]} 2... e6
{[%clk 1:31:18]} 3. c4 {[%clk 1:31:35]} 3... a6 {[%clk 1:31:30]} 4. Nc3 { [%clk
1:31:54]} 4... Qc7 {[%clk 1:31:29]} 5. Be2 {[%clk 1:31:58]} 5... b6 { [%clk
1:31:13]} 6. d4 {[%clk 1:29:11]} 6... cxd4 {[%clk 1:31:15]} 7. Nxd4 { [%clk
1:29:31]} 7... Bb7 {[%clk 1:31:02]} 8. O-O {[%clk 1:28:50]} 8... Nf6 { [%clk
1:30:58]} 9. Qd3 {[%clk 1:28:22]} 9... d6 {[%clk 1:30:26]} 10. f4 { [%clk
1:26:39]} 10... Nbd7 {[%clk 1:29:48]} 11. b4 {[%clk 1:24:57]} 11... g6 { [%clk
1:23:07]} 12. Bb2 {[%clk 1:21:00]} 12... Bg7 {[%clk 1:23:18]} 13. Rac1 { [%clk
0:48:40]} 13... O-O {[%clk 1:20:44]} 14. Ba1 {[%clk 0:33:35]} 14... Rac8 {[%clk
1:16:26]} 15. Nc2 {[%clk 0:30:58]} 15... Rfd8 {[%clk 1:07:35]} 16. Ne3 { [%clk
0:30:43]} 16... Qb8 {[%clk 0:57:20]} 17. g4 {[%clk 0:29:18]} 17... Ne8 { [%clk
0:44:51]} 18. g5 {[%clk 0:26:38]} 18... f6 {[%clk 0:35:49]} 19. h4 { [%clk
0:23:22]} 19... Qa8 {[%clk 0:33:26]} 20. Rf2 {[%clk 0:20:26]} 20... Bf8 { [%clk
0:19:55]} 21. a3 {[%clk 0:19:50]} 21... Ng7 {[%clk 0:18:49]} 22. Ng4 { [%clk
0:15:42]} 22... Be7 {[%clk 0:16:40]} 23. Qe3 {[%clk 0:12:29]} 23... Re8 { [%clk
0:14:28]} 24. Rh2 {[%clk 0:09:55]} 24... d5 {[%clk 0:09:46]} 25. cxd5 { [%clk
0:09:06]} 25... exd5 {[%clk 0:10:11]} 26. Qd2 {[%clk 0:07:06]} 26... Red8
{[%clk 0:05:00]} 27. exd5 {[%clk 0:06:21]} 27... fxg5 {[%clk 0:03:29]} 28. hxg5
{[%clk 0:06:02]} 28... Bxd5 {[%clk 0:03:44]} 29. Nxd5 {[%clk 0:06:03]} 29...
Rxc1+ {[%clk 0:01:43]} 30. Qxc1 {[%clk 0:06:26]} 1-0

[Event "DEM U16w 2018"]
[Site "Willingen GER"]
[Date "2018.05.25"]
[Round "8"]
[White "Könze, Heike"]
[Black "Fock, Amina"]
[Result "1-0"]
[Termination "normal"]
[Board "4"]
[WhiteElo "1803"]
[BlackElo "1789"]
[WhiteClock "00:32:55"]
[BlackClock "00:01:12"]
[PlyCount "79"]
[WhiteFideId "12964476"]
[BlackFideId "12981982"]
[EventCountry "GER"]
[EventRounds "9"]
[EventType "swiss"]
[EventDate "2018.05.19"]

1. c4 {[%clk 1:30:56]} 1... e5 {[%clk 1:30:47]} 2. Nc3 {[%clk 1:31:08]} 2...
Nc6 {[%clk 1:30:42]} 3. Nf3 {[%clk 1:31:05]} 3... Nf6 {[%clk 1:30:37]} 4. d3 {
[%clk 1:30:11]} 4... h6 {[%clk 1:29:57]} 5. g3 {[%clk 1:30:14]} 5... Nd4 {
[%clk 1:25:46]} 6. Bg2 {[%clk 1:25:30]} 6... Nxf3+ {[%clk 1:25:27]} 7. Bxf3 {
[%clk 1:25:49]} 7... Bc5 {[%clk 1:22:24]} 8. e3 {[%clk 1:25:05]} 8... d6 {
[%clk 1:20:47]} 9. Bg2 {[%clk 1:24:50]} 9... c6 {[%clk 1:20:20]} 10. O-O {
[%clk 1:20:26]} 10... O-O {[%clk 1:15:50]} 11. Na4 {[%clk 1:19:17]} 11... Bf5 {
[%clk 1:09:13]} 12. Qd2 {[%clk 1:09:11]} 12... Qe7 {[%clk 1:04:33]} 13. b4 {
[%clk 1:08:53]} 13... Bb6 {[%clk 1:04:57]} 14. Nxb6 {[%clk 1:09:11]} 14... axb6
{[%clk 1:05:22]} 15. Bb2 {[%clk 1:09:24]} 15... Be6 {[%clk 0:54:31]} 16. Qc3 {
[%clk 1:07:09]} 16... Nd7 {[%clk 0:51:58]} 17. a3 {[%clk 1:06:51]} 17... f5 {
[%clk 0:50:02]} 18. Rfe1 {[%clk 1:04:34]} 18... Qf7 {[%clk 0:48:21]} 19. Re2 {
[%clk 1:01:23]} 19... Qh5 {[%clk 0:46:42]} 20. Rae1 {[%clk 1:00:35]} 20... Nf6
{[%clk 0:46:32]} 21. c5 {[%clk 0:58:24]} 21... Rf7 {[%clk 0:36:03]} 22. cxd6 {
[%clk 0:57:48]} 22... Nd7 {[%clk 0:35:20]} 23. Rd2 {[%clk 0:55:01]} 23... Qg6 {
[%clk 0:32:17]} 24. b5 {[%clk 0:51:47]} 24... Rc8 {[%clk 0:31:37]} 25. d4 {
[%clk 0:51:27]} 25... exd4 {[%clk 0:24:39]} 26. Rxd4 {[%clk 0:46:07]} 26... Nc5
{[%clk 0:23:10]} 27. bxc6 {[%clk 0:46:08]} 27... bxc6 {[%clk 0:23:34]} 28. Rb4
{[%clk 0:45:15]} 28... Nd7 {[%clk 0:19:25]} 29. Bxc6 {[%clk 0:41:37]} 29... Nb8
{[%clk 0:12:33]} 30. Rxb6 {[%clk 0:41:24]} 30... Nd7 {[%clk 0:11:39]} 31. Rb7 {
[%clk 0:39:38]} 31... Nb8 {[%clk 0:11:23]} 32. Rc7 {[%clk 0:37:17]} 32... Rfxc7
{[%clk 0:09:46]} 33. dxc7 {[%clk 0:37:40]} 33... Rxc7 {[%clk 0:08:22]} 34. Be8
{[%clk 0:37:50]} 34... Rxc3 {[%clk 0:08:34]} 35. Bxg6 {[%clk 0:38:10]} 35...
Rb3 {[%clk 0:07:42]} 36. Be5 {[%clk 0:33:10]} 36... Nd7 {[%clk 0:07:29]} 37.
Bd6 {[%clk 0:33:24]} 37... Rd3 {[%clk 0:06:31]} 38. Bb4 {[%clk 0:33:02]} 38...
Ne5 {[%clk 0:04:26]} 39. Bh5 {[%clk 0:32:55]} 39... Nc6 {[%clk 0:01:12]} 40.
Rb1 1-0

[Event "DEM U16w 2018"]
[Site "Willingen GER"]
[Date "2018.05.25"]
[Round "8"]
[White "Naumenko, Valerija"]
[Black "Reitz, Theresa"]
[Result "0-1"]
[Termination "normal"]
[Board "5"]
[WhiteElo "1611"]
[BlackElo "1772"]
[WhiteClock "00:01:27"]
[BlackClock "00:01:29"]
[PlyCount "70"]
[WhiteFideId "16222890"]
[BlackFideId "12971901"]
[EventCountry "GER"]
[EventRounds "9"]
[EventType "swiss"]
[EventDate "2018.05.19"]

1. e4 {[%clk 1:30:58]} 1... c5 {[%clk 1:30:56]} 2. Nf3 {[%clk 1:31:22]} 2... e6
{[%clk 1:31:20]} 3. c4 {[%clk 1:31:49]} 3... Nc6 {[%clk 1:30:39]} 4. d4 { [%clk
1:32:06]} 4... cxd4 {[%clk 1:30:14]} 5. Nxd4 {[%clk 1:32:30]} 5... Nf6 { [%clk
1:30:23]} 6. Nc3 {[%clk 1:32:54]} 6... Bb4 {[%clk 1:29:17]} 7. Nxc6 { [%clk
1:32:22]} 7... bxc6 {[%clk 1:27:53]} 8. Bd3 {[%clk 1:19:57]} 8... d5 { [%clk
1:14:58]} 9. exd5 {[%clk 1:19:24]} 9... Bxc3+ {[%clk 1:15:17]} 10. bxc3 { [%clk
1:19:47]} 10... cxd5 {[%clk 1:15:36]} 11. Ba3 {[%clk 0:47:35]} 11... Bb7 {[%clk
1:04:42]} 12. O-O {[%clk 0:35:56]} 12... Qc7 {[%clk 0:58:49]} 13. cxd5 { [%clk
0:29:03]} 13... Bxd5 {[%clk 0:50:28]} 14. Bb5+ {[%clk 0:27:38]} 14... Nd7
{[%clk 0:49:10]} 15. c4 {[%clk 0:24:18]} 15... Bc6 {[%clk 0:48:56]} 16. Qg4 {
[%clk 0:24:14]} 16... O-O-O {[%clk 0:40:06]} 17. Rab1 {[%clk 0:20:47]} 17...
Bb7 {[%clk 0:36:43]} 18. c5 {[%clk 0:17:22]} 18... Ne5 {[%clk 0:31:32]} 19. Qa4
{[%clk 0:16:41]} 19... Nc6 {[%clk 0:23:42]} 20. Rfd1 {[%clk 0:08:55]} 20...
Rxd1+ {[%clk 0:16:28]} 21. Rxd1 {[%clk 0:09:20]} 21... Rd8 {[%clk 0:14:30]} 22.
Rxd8+ {[%clk 0:09:30]} 22... Kxd8 {[%clk 0:13:38]} 23. Qh4+ {[%clk 0:09:46]}
23... Kc8 {[%clk 0:11:31]} 24. Qxh7 {[%clk 0:04:11]} 24... Qa5 {[%clk 0:10:19]}
25. Qd3 {[%clk 0:04:35]} 25... Ne5 {[%clk 0:09:19]} 26. Qb3 {[%clk 0:04:55]}
26... Qe1+ {[%clk 0:06:49]} 27. Bf1 {[%clk 0:05:17]} 27... Ba6 {[%clk 0:07:06]}
28. h3 {[%clk 0:02:40]} 28... Qxf1+ {[%clk 0:06:14]} 29. Kh2 {[%clk 0:03:05]}
29... Qc4 {[%clk 0:03:31]} 30. Qb2 {[%clk 0:02:27]} 30... Qf4+ {[%clk 0:02:22]}
31. Kg1 {[%clk 0:02:53]} 31... Qg5 {[%clk 0:01:26]} 32. Qc3 {[%clk 0:01:54]}
32... Bb7 {[%clk 0:01:17]} 33. g3 {[%clk 0:01:31]} 33... Nf3+ {[%clk 0:01:14]}
34. Kf1 {[%clk 0:01:54]} 34... Qd5 {[%clk 0:01:10]} 35. Bc1 {[%clk 0:01:27]}
35... Ba6+ {[%clk 0:01:29]} 0-1

[Event "DEM U16w 2018"]
[Site "Willingen GER"]
[Date "2018.05.25"]
[Round "8"]
[White "Berelowitsch, Dana"]
[Black "Müdder, Melanie"]
[Result "1-0"]
[Termination "normal"]
[Board "6"]
[WhiteElo "1698"]
[BlackElo "1871"]
[WhiteClock "00:14:08"]
[BlackClock "00:10:24"]
[PlyCount "65"]
[WhiteFideId "12977144"]
[BlackFideId "12994103"]
[EventCountry "GER"]
[EventRounds "9"]
[EventType "swiss"]
[EventDate "2018.05.19"]

1. e4 {[%clk 1:30:58]} 1... c5 {[%clk 1:30:55]} 2. d4 {[%clk 1:31:23]} 2...
cxd4 {[%clk 1:31:16]} 3. c3 {[%clk 1:31:48]} 3... dxc3 {[%clk 1:31:35]} 4. Nxc3
{[%clk 1:32:13]} 4... Nc6 {[%clk 1:31:57]} 5. Nf3 {[%clk 1:32:35]} 5... e6 {
[%clk 1:32:11]} 6. Bc4 {[%clk 1:32:56]} 6... a6 {[%clk 1:32:28]} 7. O-O { [%clk
1:32:54]} 7... Nge7 {[%clk 1:32:45]} 8. Bg5 {[%clk 1:33:05]} 8... h6 { [%clk
1:33:06]} 9. Be3 {[%clk 1:33:16]} 9... Ng6 {[%clk 1:30:54]} 10. Nd4 { [%clk
1:30:31]} 10... Na5 {[%clk 1:20:24]} 11. Bd3 {[%clk 1:23:36]} 11... Be7 { [%clk
1:17:20]} 12. f4 {[%clk 1:19:28]} 12... d6 {[%clk 1:06:51]} 13. f5 { [%clk
1:14:03]} 13... exf5 {[%clk 1:06:51]} 14. Nxf5 {[%clk 1:08:07]} 14... O-O
{[%clk 0:59:08]} 15. Nd5 {[%clk 1:04:38]} 15... Nc6 {[%clk 0:55:31]} 16. Bxh6 {
[%clk 0:47:39]} 16... Bxf5 {[%clk 0:39:44]} 17. exf5 {[%clk 0:44:36]} 17...
gxh6 {[%clk 0:25:25]} 18. fxg6 {[%clk 0:37:34]} 18... f6 {[%clk 0:22:16]} 19.
g7 {[%clk 0:32:36]} 19... Rf7 {[%clk 0:19:12]} 20. Bc4 {[%clk 0:30:20]} 20...
Kxg7 {[%clk 0:17:30]} 21. Nf4 {[%clk 0:27:27]} 21... Qb6+ {[%clk 0:15:11]} 22.
Kh1 {[%clk 0:27:41]} 22... d5 {[%clk 0:15:10]} 23. Bxd5 {[%clk 0:24:05]} 23...
Ne5 {[%clk 0:13:56]} 24. Bxf7 {[%clk 0:21:42]} 24... Kxf7 {[%clk 0:14:10]} 25.
Qh5+ {[%clk 0:19:50]} 25... Kg7 {[%clk 0:13:57]} 26. Nd5 {[%clk 0:18:13]} 26...
Qd6 {[%clk 0:13:12]} 27. Rad1 {[%clk 0:17:40]} 27... Rf8 {[%clk 0:12:02]} 28.
Ne3 {[%clk 0:15:21]} 28... Qe6 {[%clk 0:11:31]} 29. Nf5+ {[%clk 0:15:07]} 29...
Kg8 {[%clk 0:11:42]} 30. Nxh6+ {[%clk 0:14:49]} 30... Kg7 {[%clk 0:11:52]} 31.
Nf5+ {[%clk 0:14:24]} 31... Kg8 {[%clk 0:12:08]} 32. Rf3 {[%clk 0:14:22]} 32...
Rf7 {[%clk 0:10:24]} 33. Rg3+ {[%clk 0:14:08]} 1-0

[Event "DEM U16w 2018"]
[Site "Willingen GER"]
[Date "2018.05.25"]
[Round "8"]
[White "Bui, Ngoc Han Julia"]
[Black "Voß, Henrike"]
[Result "1/2-1/2"]
[Termination "normal"]
[Board "7"]
[WhiteElo "1859"]
[BlackElo "1577"]
[WhiteClock "00:02:34"]
[BlackClock "00:34:00"]
[PlyCount "61"]
[WhiteFideId "12977055"]
[BlackFideId "12971910"]
[EventCountry "GER"]
[EventRounds "9"]
[EventType "swiss"]
[EventDate "2018.05.19"]

1. e4 {[%clk 1:30:58]} 1... e5 {[%clk 1:30:51]} 2. Nf3 {[%clk 1:31:21]} 2...
Nc6 {[%clk 1:31:11]} 3. Bb5 {[%clk 1:31:41]} 3... a6 {[%clk 1:31:34]} 4. Ba4 {
[%clk 1:32:07]} 4... Nf6 {[%clk 1:31:51]} 5. d3 {[%clk 1:32:16]} 5... d6 {
[%clk 1:32:09]} 6. O-O {[%clk 1:31:58]} 6... g6 {[%clk 1:32:04]} 7. c3 { [%clk
1:24:55]} 7... Bg7 {[%clk 1:31:39]} 8. Re1 {[%clk 1:22:02]} 8... O-O { [%clk
1:30:38]} 9. h3 {[%clk 1:20:47]} 9... h6 {[%clk 1:24:18]} 10. Nbd2 { [%clk
1:17:40]} 10... Nh5 {[%clk 1:24:02]} 11. Nf1 {[%clk 1:15:29]} 11... f5 { [%clk
1:22:56]} 12. exf5 {[%clk 1:10:45]} 12... Nf4 {[%clk 1:17:15]} 13. Bxf4 { [%clk
1:05:54]} 13... exf4 {[%clk 1:17:35]} 14. fxg6 {[%clk 1:01:43]} 14... Bf5
{[%clk 1:13:07]} 15. d4 {[%clk 0:56:42]} 15... Kh8 {[%clk 1:12:20]} 16. Bc2 {
[%clk 0:47:57]} 16... Qf6 {[%clk 1:10:20]} 17. Bxf5 {[%clk 0:45:46]} 17... Qxf5
{[%clk 1:10:42]} 18. Nh4 {[%clk 0:44:55]} 18... Qg5 {[%clk 1:09:34]} 19. Qg4 {
[%clk 0:44:04]} 19... Bf6 {[%clk 1:05:57]} 20. Qd7 {[%clk 0:39:00]} 20... Be7 {
[%clk 1:06:21]} 21. Nf3 {[%clk 0:34:44]} 21... Qxg6 {[%clk 1:03:40]} 22. Rxe7 {
[%clk 0:28:27]} 22... Nxe7 {[%clk 1:04:04]} 23. Qxe7 {[%clk 0:28:51]} 23... Rf7
{[%clk 1:03:09]} 24. Nh4 {[%clk 0:22:50]} 24... Qg7 {[%clk 0:57:18]} 25. Qe4 {
[%clk 0:21:49]} 25... Rg8 {[%clk 0:57:00]} 26. g3 {[%clk 0:12:03]} 26... Qf6 {
[%clk 0:53:38]} 27. Kh2 {[%clk 0:09:47]} 27... Re7 {[%clk 0:37:15]} 28. Qf3 {
[%clk 0:05:36]} 28... fxg3+ {[%clk 0:33:41]} 29. fxg3 {[%clk 0:05:58]} 29...
Qxf3 {[%clk 0:33:42]} 30. Nxf3 {[%clk 0:06:24]} 30... Re2+ {[%clk 0:34:00]} 31.
Kg1 {[%clk 0:02:34]} 1/2-1/2

[Event "DEM U16w 2018"]
[Site "Willingen GER"]
[Date "2018.05.25"]
[Round "8"]
[White "Wong, Kar Yan"]
[Black "Schiewe, Nadin"]
[Result "1-0"]
[Termination "normal"]
[Board "8"]
[WhiteElo "1746"]
[BlackElo "1598"]
[WhiteClock "00:45:52"]
[BlackClock "00:56:47"]
[PlyCount "71"]
[WhiteFideId "12971855"]
[BlackFideId "16209079"]
[EventCountry "GER"]
[EventRounds "9"]
[EventType "swiss"]
[EventDate "2018.05.19"]

1. e4 {[%clk 1:30:58]} 1... d5 {[%clk 1:30:32]} 2. exd5 {[%clk 1:27:42]} 2...
Qxd5 {[%clk 1:30:26]} 3. Nc3 {[%clk 1:28:05]} 3... Qa5 {[%clk 1:30:45]} 4. d4 {
[%clk 1:28:32]} 4... c6 {[%clk 1:31:03]} 5. Bc4 {[%clk 1:28:52]} 5... Nf6 {
[%clk 1:31:16]} 6. Bd2 {[%clk 1:28:47]} 6... Qc7 {[%clk 1:31:31]} 7. Qe2 {
[%clk 1:29:09]} 7... Bf5 {[%clk 1:31:21]} 8. O-O-O {[%clk 1:29:23]} 8... Nd5 {
[%clk 1:27:52]} 9. Bxd5 {[%clk 1:25:18]} 9... cxd5 {[%clk 1:28:04]} 10. Qb5+ {
[%clk 1:25:27]} 10... Nd7 {[%clk 1:26:54]} 11. Qxd5 {[%clk 1:23:11]} 11... e6 {
[%clk 1:26:39]} 12. Qb3 {[%clk 1:19:27]} 12... a6 {[%clk 1:25:04]} 13. Nf3 {
[%clk 1:17:06]} 13... Be7 {[%clk 1:21:33]} 14. h3 {[%clk 1:15:29]} 14... b5 {
[%clk 1:18:59]} 15. Rhe1 {[%clk 1:07:26]} 15... Rb8 {[%clk 1:16:16]} 16. g4 {
[%clk 1:05:14]} 16... Bg6 {[%clk 1:15:09]} 17. Ne5 {[%clk 0:58:34]} 17... a5 {
[%clk 1:11:58]} 18. Nxg6 {[%clk 0:58:54]} 18... hxg6 {[%clk 1:10:08]} 19. Nxb5
{[%clk 0:59:06]} 19... Qc6 {[%clk 1:09:00]} 20. a4 {[%clk 0:59:25]} 20... Bb4 {
[%clk 1:04:01]} 21. Bxb4 {[%clk 0:59:14]} 21... axb4 {[%clk 1:04:22]} 22. Qxb4
{[%clk 0:59:41]} 22... Rxh3 {[%clk 1:03:32]} 23. d5 {[%clk 0:58:28]} 23... Qb6
{[%clk 0:59:11]} 24. dxe6 {[%clk 0:54:25]} 24... fxe6 {[%clk 0:59:27]} 25. Rd6
{[%clk 0:54:13]} 25... Qxf2 {[%clk 0:59:11]} 26. Rdxe6+ {[%clk 0:54:37]} 26...
Kf7 {[%clk 0:59:04]} 27. Qe7+ {[%clk 0:53:53]} 27... Kg8 {[%clk 0:59:27]} 28.
Qxd7 {[%clk 0:54:09]} 28... Rh2 {[%clk 0:59:07]} 29. Qc7 {[%clk 0:47:05]} 29...
Rf8 {[%clk 0:58:01]} 30. Qc4 {[%clk 0:47:03]} 30... Kh8 {[%clk 0:56:57]} 31.
R6e2 {[%clk 0:46:02]} 31... Qg3 {[%clk 0:56:15]} 32. Rxh2+ {[%clk 0:46:23]}
32... Qxh2 {[%clk 0:56:36]} 33. Qe4 {[%clk 0:46:44]} 33... Kg8 {[%clk 0:56:15]}
34. Qd5+ {[%clk 0:45:38]} 34... Rf7 {[%clk 0:56:24]} 35. Re8+ {[%clk 0:45:46]}
35... Kh7 {[%clk 0:56:47]} 36. Qxf7 {[%clk 0:45:52]} 1-0